| 000 | 003920000a22001570004500 | ||
|---|---|---|---|
| 003 | MACL | ||
| 040 | _aMACL | ||
| 090 |
_c33054 _d33052 |
||
| 100 | _aDubey, R.K | ||
| 245 |
_aChemistry _bA comprehensive Handbook For UPSC Civil Seervices Preliminary Examination |
||
| 260 | _bAurobindo Book House | ||
| 350 | _a180 | ||
| 650 | _aChemistry | ||
| 942 |
_cBOOK _k540/Dub |
||
| 951 | _o540/Dub BOOK | ||
| 999 |
_c32717 _d32717 |
||